000 00296nam a22001337a 4500
008 260427b ||||| |||| 00| 0 eng d
020 _a9789951704038
041 _aShqip
080 _a821.1
100 _a20
101 _aTregime
245 _aLugjet e Verdha
_cRexhep Hoxha
942 _2udc
_cBK
999 _c61001
_d61001